000 00488nam a2200181 a 4500
001 7302
003 CO-ViMGA
008 141112s2004 ck r 000 u spa d
040 _aCO-ViMGA
_bspa
_cCO-ViMGA
082 0 4 _a631 C657
245 1 0 _aControl de calidad de productos agropecuarios
250 _a2a
260 _aMexico :
_bTrillas,
_c1990
300 _a102 p : il
490 _aIndustrias rurales, 33
650 1 4 _aPRODUCTOS AGRICOLAS - CONTROL DE CALIDAD
_96509
942 _2ddc
_cBK
999 _c19261
_d19261